000 00705nam a2200217 a 4500
001 BRCA_2837
005 20190320204007.0
008 091208s1863----fr-#---###---#000-0#fre-u
050 4 _aF1219
_b.B87 1863
100 1 _aBussierre, M. Th. de
_97941
245 1 0 _aL´ Empire Mexicain
_bHistorie des Tolteques, des Chichimeques, des Azteques et de la Conquete Espagnole
_cpar le vicomte M. Th. de Bussierre.
260 _aParis
_bHenri Plon
_c1863
300 _a427 p.
_c22 cm.
500 _aB1
650 1 4 _aAztecas
_xHistoria
_zMéxico
_97942
650 1 4 _aChichimecas
_xHistoria
_zMéxico
_97943
650 1 4 _aToltecas
_zMéxico
_97944
650 1 4 _aIndios de México
_97945
902 _aGFM
942 _2lcc
_cB
999 _c2576
_d2576